000 00627nam a22001697a 4500
003 BD-ChCU
005 20260331114252.0
008 260331b bg ||||| |||| 00| 0 ben d
040 _cBD-ChCU
082 _a৮১৩.০১৮ চতু ৬
100 _aচতুকোণ
_eসম্পাদক
_920982
245 _aচতুকোণ শ্রেষ্ঠ গল্প সংগ্রহ/
_cচতুকোণ (সম্পাদিত)
260 _aকলকাতা:
_bচতুকোণ,
_c১৯৭৮
300 _a১৮২পৃ.
650 0 _aবাংলা ছোটগল্প
_920984
942 _2ddc
_cBK
_n0
999 _c111963
_d111963